A Gazeta Viva com Qualidade (Registro n. 596)

Detalhes MARC
000 -LEADER
fixed length control field 00682nas a2200205 4500
005 - DATE AND TIME OF LATEST TRANSACTION
control field 20260512125709.0
008 - FIXED-LENGTH DATA ELEMENTS--GENERAL INFORMATION
fixed length control field 260507d20002000porcu|p g||| 00| z0por d
040 ## - CATALOGING SOURCE
Transcribing agency BR-ViAPE
110 ## - MAIN ENTRY--CORPORATE NAME
Corporate name or jurisdiction name as entry element A Gazeta
245 ## - TITLE STATEMENT
Title A Gazeta Viva com Qualidade
260 ## - PUBLICATION, DISTRIBUTION, ETC.
Place of publication, distribution, etc. Vitória
Name of publisher, distributor, etc. A Gazeta
Date of publication, distribution, etc. 2000-2000
300 ## - PHYSICAL DESCRIPTION
Other physical details il.
Extent v.
310 ## - CURRENT PUBLICATION FREQUENCY
Current publication frequency Semanal
362 ## - DATES OF PUBLICATION AND/OR SEQUENTIAL DESIGNATION
Dates of publication and/or sequential designation Ano 1, n.1 (mar. 2000) - Ano 1, n. 10 (mai. 2000).
500 ## - GENERAL NOTE
General note Disponibilizada apenas a imagem da capa na versão digital, em virtude de restrições de direitos autorais
650 ## - SUBJECT ADDED ENTRY--TOPICAL TERM
Topical term or geographic name entry element Promoção da Saúde
General subdivision Qualidade de Vida
-- Moda
-- Família
651 ## - SUBJECT ADDED ENTRY--GEOGRAPHIC NAME
Geographic name Espírito Santo
Form subdivision Periódicos
710 ## - ADDED ENTRY--CORPORATE NAME
Corporate name or jurisdiction name as entry element A Gazeta
942 ## - ADDED ENTRY ELEMENTS (KOHA)
Source of classification or shelving scheme Dewey Decimal Classification
Suppress in OPAC Yes
Koha item type Periódicos
Exemplares
Withdrawn status Lost status Source of classification or shelving scheme Damaged status Not for loan Home library Current library Date acquired Total checkouts Date last seen Price effective from Koha item type
    Dewey Decimal Classification     Hemeroteca Digital do Arquivo Público do Estado do Espírito Santo Hemeroteca Digital do Arquivo Público do Estado do Espírito Santo 05/07/2026   05/07/2026 05/07/2026 Periódicos